[Event "CAN-op"]
[Site "Ottawa CAN"]
[Date "2007.07.08"]
[Round "2"]
[White "Lahaye, Rick"]
[Black "Rychagov, Andrey"]
[Result "1/2-1/2"]
[WhiteElo "2367"]
[BlackElo "2557"]
[PlyCount "59"]
[GameId "2160767910576517"]
[EventDate "2007.07.07"]
[EventType "swiss"]
[EventRounds "10"]
[EventCountry "CAN"]
[SourceTitle "CBM 119 Extra"]
[Source "ChessBase"]
[SourceDate "2007.09.04"]
[SourceVersion "1"]
[SourceVersionDate "2007.09.04"]
[SourceQuality "1"]

1. d4 f5 2. c4 Nf6 3. g3 g6 4. Bg2 Bg7 5. Nc3 d6 6. Nf3 O-O 7. O-O c6 8. Qc2 Na6 9. Rd1 Qe8 10. d5 cxd5 11. cxd5 Bd7 12. Be3 Rc8 13. Qb3 Nc5 14. Qa3 a6 15. Bd4 Nfe4 16. Bxg7 Kxg7 17. Nd4 Nxc3 18. Qxc3 Kg8 19. Rac1 Qf7 20. e3 Ne4 21. Qb3 b5 22. h4 h6 23. Qa3 Qxd5 24. Qxa6 Ra8 25. Qb6 Qxa2 26. Bxe4 fxe4 27. Qb7 Ra7 28. Qxe4 Qf7 29. f4 Kg7 30. Rd2 1/2-1/2

[Event "CAN-op"]
[Site "Ottawa CAN"]
[Date "2007.07.08"]
[Round "2"]
[White "Rivas Cabrera, Edgar"]
[Black "Beckwith, Paul"]
[Result "1-0"]
[WhiteElo "1807"]
[BlackElo "2169"]
[PlyCount "75"]
[GameId "2160767910576525"]
[EventDate "2007.07.07"]
[EventType "swiss"]
[EventRounds "10"]
[EventCountry "CAN"]
[SourceTitle "EXT 2022"]
[Source "ChessBase"]
[SourceDate "2021.10.06"]
[SourceVersion "1"]
[SourceVersionDate "2021.10.06"]
[SourceQuality "1"]

1. e4 c5 2. c3 d5 3. exd5 Qxd5 4. d4 Nf6 5. Nf3 Bg4 6. Be2 e6 7. O-O Nc6 8. Be3 cxd4 9. Nxd4 Bxe2 10. Qxe2 Nxd4 11. Bxd4 Be7 12. Nd2 O-O 13. Nf3 Rfd8 14. Rfd1 Qh5 15. Rd2 Qa5 16. b3 Nd5 17. c4 Nf6 18. Rad1 Bb4 19. Rd3 Be7 20. h3 h6 21. Ne5 Qc7 22. Re1 Bf8 23. Ng4 Nxg4 24. Qxg4 Qa5 25. Bc3 Qg5 26. Qxg5 hxg5 27. Red1 Rdc8 28. Bd2 f6 29. Be3 b6 30. Rd7 Re8 31. Rb7 Re7 32. Rdd7 Kf7 33. a3 Rxd7 34. Rxd7+ Ke8 35. Rb7 Bxa3 36. Rxg7 Bc5 37. Bxc5 bxc5 38. Rg8+ 1-0

[Event "CAN-op"]
[Site "Ottawa CAN"]
[Date "2007.07.08"]
[Round "3"]
[White "Davies, Lucas"]
[Black "Rychagov, Andrey"]
[Result "0-1"]
[WhiteElo "2177"]
[BlackElo "2557"]
[PlyCount "87"]
[GameId "2160767910576539"]
[EventDate "2007.07.07"]
[EventType "swiss"]
[EventRounds "10"]
[EventCountry "CAN"]
[SourceTitle "CBM 119 Extra"]
[Source "ChessBase"]
[SourceDate "2007.09.04"]
[SourceVersion "1"]
[SourceVersionDate "2007.09.04"]
[SourceQuality "1"]

1. e4 c5 2. Nc3 Nc6 3. g3 g6 4. Bg2 Bg7 5. d3 d6 6. Be3 Rb8 7. Qd2 b5 8. Nge2 b4 9. Nd1 Nd4 10. O-O e6 11. Nc1 Ne7 12. c3 bxc3 13. bxc3 Ndc6 14. Bh6 O-O 15. Bxg7 Kxg7 16. f4 Qb6 17. Ne2 e5 18. Ne3 Qb2 19. Rad1 Qxd2 20. Rxd2 Ba6 21. Nd5 Rb7 22. Kf2 Rfb8 23. Ke3 Nxd5+ 24. exd5 exf4+ 25. gxf4 Ne7 26. c4 Rb2 27. Rfd1 Bc8 28. Be4 Bg4 29. Bf3 Nf5+ 30. Kf2 Bxf3 31. Kxf3 a6 32. d4 cxd4 33. Rxb2 Rxb2 34. Nxd4 Nxd4+ 35. Rxd4 Kf6 36. c5 dxc5 37. Ra4 Kf5 38. Rxa6 Rxh2 39. d6 Ke6 40. Ke4 Rd2 41. d7+ Kxd7 42. Ke5 Ke7 43. Rc6 Re2+ 44. Kd5 0-1

[Event "CAN-op"]
[Site "Ottawa CAN"]
[Date "2007.07.08"]
[Round "3"]
[White "Hawley, Robert"]
[Black "Ferreira, Alex"]
[Result "1-0"]
[WhiteElo "1845"]
[BlackElo "1892"]
[PlyCount "135"]
[GameId "2160767910576543"]
[EventDate "2007.07.07"]
[EventType "swiss"]
[EventRounds "10"]
[EventCountry "CAN"]
[SourceTitle "EXT 2022"]
[Source "ChessBase"]
[SourceDate "2021.10.06"]
[SourceVersion "1"]
[SourceVersionDate "2021.10.06"]
[SourceQuality "1"]

1. e4 c5 2. Nf3 e6 3. d4 cxd4 4. Nxd4 Nc6 5. c4 a6 6. Be3 Bb4+ 7. Nd2 Nf6 8. f3 O-O 9. a3 Be7 10. Qc2 Qa5 11. Be2 Nxd4 12. Bxd4 b5 13. e5 Nh5 14. Qe4 Rb8 15. g4 Bb7 16. Qe3 Bh4+ 17. Kf1 d5 18. Bb6 Bg5 19. Bxa5 Bxe3 20. gxh5 dxc4 21. Bd1 f6 22. Ke2 Bd4 23. exf6 Bxb2 24. fxg7 Rf5 25. Ra2 Bxg7 26. Rg1 Kf7 27. Bc2 Rxh5 28. Bc7 Rc8 29. Bg3 Bd5 30. Ne4 Rd8 31. f4 c3 32. Raa1 Bxe4 33. Bxe4 Rd2+ 34. Kf3 a5 35. Rgd1 Rxd1 36. Rxd1 b4 37. axb4 axb4 38. Rd7+ Kg8 39. Rb7 Rc5 40. Bc2 Rc4 41. Bf2 Bd4 42. Bh4 Be5 43. Bg3 Bd6 44. Bxh7+ Kf8 45. Bc2 Rd4 46. f5 e5 47. Be1 Rf4+ 48. Ke3 Bc5+ 49. Ke2 e4 50. Bg3 Rxf5 51. Bxe4 Rf6 52. Kd3 Rb6 53. Rc7 Bd6 54. Rc6 Rxc6 55. Bxc6 Be7 56. Ba4 Kg7 57. Ke4 Bf6 58. Kf5 Bd4 59. Bf4 Kh8 60. Kg6 Bg7 61. Bb3 Bd4 62. h4 Bg7 63. h5 c2 64. h6 Bb2 65. Bxc2 Ba1 66. Bb3 Bb2 67. Bd6 Bc3 68. Bf8 1-0

[Event "CAN-op"]
[Site "Ottawa CAN"]
[Date "2007.07.08"]
[Round "3"]
[White "Michielsen, Joost"]
[Black "Qin, Zi Yi (Joey)"]
[Result "1-0"]
[WhiteElo "2314"]
[BlackElo "2089"]
[PlyCount "101"]
[GameId "2160767910576552"]
[EventDate "2007.07.07"]
[EventType "swiss"]
[EventRounds "10"]
[EventCountry "CAN"]

1. e4 c5 2. Nf3 d6 3. d4 cxd4 4. Nxd4 Nf6 5. Nc3 a6 6. g3 e5 7. Nb3 Be7 8. a4 Qc7 9. Bg2 Be6 10. O-O Nbd7 11. h3 O-O 12. f4 Qb6+ 13. Kh2 Bxb3 14. cxb3 Nc5 15. Ra3 Ne6 16. f5 Nd4 17. a5 Qc7 18. Ra4 Nb5 19. Qd3 Nxc3 20. bxc3 Rfc8 21. c4 Nd7 22. Ra2 Nc5 23. Qc3 Rab8 24. Be3 b5 25. cxb5 Rxb5 26. b4 Nd7 27. Qxc7 Rxc7 28. Rb1 d5 29. Bd2 Rb8 30. exd5 Nf6 31. Rab2 Rb5 32. Bf1 Rxd5 33. Bxa6 Ne4 34. Be1 Nd6 35. Bf1 Nb5 36. a6 Ra7 37. Ra2 Bd8 38. Rc1 Nd4 39. Bg2 Rd6 40. Bb7 h6 41. Bf2 Bb6 42. g4 Kf8 43. Kg2 Ke7 44. Rb2 Kd7 45. Bg3 f6 46. Be1 Nb5 47. Rbc2 Nc7 48. Bc6+ Kc8 49. b5 Kb8 50. Bf2 Bxf2 51. Kxf2 1-0

[Event "CAN-op"]
[Site "Ottawa CAN"]
[Date "2007.07.08"]
[Round "3"]
[White "Ostermeier, Ralf"]
[Black "Atalik, Ekaterina"]
[Result "0-1"]
[WhiteElo "2124"]
[BlackElo "2400"]
[PlyCount "124"]
[GameId "2160767910576558"]
[EventDate "2007.07.07"]
[EventType "swiss"]
[EventRounds "10"]
[EventCountry "CAN"]
[SourceTitle "CBM 119 Extra"]
[Source "ChessBase"]
[SourceDate "2007.09.04"]
[SourceVersion "1"]
[SourceVersionDate "2007.09.04"]
[SourceQuality "1"]

1. e4 c5 2. Nf3 d6 3. d4 cxd4 4. Nxd4 Nf6 5. Nc3 a6 6. a4 e5 7. Nf3 Be7 8. Bc4 O-O 9. O-O Nc6 10. Re1 Be6 11. Nd5 Bxd5 12. Bxd5 Nxd5 13. Qxd5 Rc8 14. c3 Qc7 15. Be3 Nd8 16. Red1 Qc6 17. Ne1 Qxd5 18. Rxd5 f5 19. exf5 Rxf5 20. Nc2 Kf7 21. Nb4 Nc6 22. Nc2 Ke6 23. Rad1 Rff8 24. Bb6 Nb8 25. Ne3 Nd7 26. Ba5 Rc6 27. R5d2 Nc5 28. Nd5 Nb3 29. Nxe7 Kxe7 30. Rd5 Nxa5 31. Rxa5 Rf4 32. f3 Rfc4 33. Rd3 Ke6 34. Kf2 g5 35. h3 h5 36. Ke3 R6c5 37. Rxc5 Rxc5 38. g3 d5 39. Kd2 Ra5 40. b3 b5 41. axb5 axb5 42. Ke2 Ra2+ 43. Rd2 Ra3 44. Rb2 Ra1 45. c4 Rh1 46. cxd5+ Kxd5 47. Rd2+ Ke6 48. Rd8 Rxh3 49. Rb8 Rxg3 50. Kf2 Rh3 51. Rxb5 Rh2+ 52. Kg3 Rb2 53. Rb8 h4+ 54. Kh3 Rf2 55. Rf8 e4 56. Re8+ Kd7 57. Rxe4 Rxf3+ 58. Kg4 Rg3+ 59. Kf5 h3 60. Re1 h2 61. Rh1 Rg2 62. Ke4 g4 0-1

[Event "CAN-op"]
[Site "Ottawa CAN"]
[Date "2007.07.09"]
[Round "4"]
[White "Armstrong, Robert J"]
[Black "Dizon, Lyndon"]
[Result "1/2-1/2"]
[WhiteElo "1799"]
[BlackElo "1965"]
[PlyCount "95"]
[GameId "2160767910576576"]
[EventDate "2007.07.07"]
[EventType "swiss"]
[EventRounds "10"]
[EventCountry "CAN"]

1. d4 d5 2. c4 e6 3. e3 Nf6 4. Nf3 Be7 5. Bd3 O-O 6. O-O Nbd7 7. c5 Bxc5 8. Qc2 Bd6 9. Nc3 c6 10. Bc4 c5 11. dxc5 Nxc5 12. Qe2 a6 13. b3 h6 14. Qc2 Qe7 15. Re1 b6 16. e4 dxe4 17. Nxe4 Qc7 18. a4 Nh7 19. Ne5 Nd7 20. Bxe6 Ba3 21. Bxa3 a5 22. Rec1 b5 23. Bxd7 bxa4 24. b4 Bb7 25. Be8 Bxe4 26. Nd7 Qb6 27. bxa5 Rxa5 28. Qc4 Bf3 29. Qc3 Rg5 30. Re1 Qd8 31. h4 Rb5 32. Qb2 Ra5 33. Qb8 Ra8 34. Qxa8 Bd5 35. Bc1 Qxa8 36. Re6 Qc6 37. Re4 Qa6 38. Re3 Qd6 39. Rg3 g6 40. h5 Qxg3 41. Ba3 Kg7 42. f4 Qg5 43. fxg5 Rxe8 44. hxg6 Kg8 45. Rf1 hxg5 46. Rf5 g4 47. Re5 Kh8 48. Bc5 1/2-1/2

[Event "CAN-op"]
[Site "Ottawa CAN"]
[Date "2007.07.09"]
[Round "4"]
[White "Bertrand, Daryl"]
[Black "Michielsen, Joost"]
[Result "0-1"]
[WhiteElo "2029"]
[BlackElo "2334"]
[PlyCount "54"]
[GameId "2160767910576579"]
[EventDate "2007.07.07"]
[EventType "swiss"]
[EventRounds "10"]
[EventCountry "CAN"]

1. e4 e6 2. d4 d5 3. Nc3 Nf6 4. Bg5 dxe4 5. Nxe4 Be7 6. Bxf6 gxf6 7. Bc4 a6 8. a4 f5 9. Ng3 Nd7 10. c3 c5 11. N1e2 cxd4 12. Nxd4 Qc7 13. Ba2 Qe5+ 14. Qe2 b6 15. f4 Qxe2+ 16. Ngxe2 Bb7 17. Rg1 h5 18. O-O-O Nc5 19. Bb3 h4 20. Bc2 Rc8 21. h3 Bf6 22. b4 Ne4 23. Bxe4 Bxe4 24. g4 fxg4 25. hxg4 h3 26. Ng3 Rxc3+ 27. Kb2 Rxg3 0-1

[Event "CAN-op"]
[Site "Ottawa CAN"]
[Date "2007.07.09"]
[Round "4"]
[White "Duffett, Jim"]
[Black "Villalobos, Oscar"]
[Result "0-1"]
[WhiteElo "1930"]
[BlackElo "1645"]
[PlyCount "76"]
[GameId "2160767910576588"]
[EventDate "2007.07.07"]
[EventType "swiss"]
[EventRounds "10"]
[EventCountry "CAN"]
[SourceTitle "EXT 2022"]
[Source "ChessBase"]
[SourceDate "2021.10.06"]
[SourceVersion "1"]
[SourceVersionDate "2021.10.06"]
[SourceQuality "1"]

1. d4 Nf6 2. Nf3 g6 3. Bg5 Bg7 4. Nbd2 d6 5. e4 c5 6. c3 cxd4 7. cxd4 Qa5 8. Bd3 Bg4 9. Qb3 Nbd7 10. O-O O-O 11. Nc4 Qc7 12. Nfd2 Be6 13. d5 Nc5 14. Qc2 Bd7 15. Rac1 Rfc8 16. Be2 b5 17. Ne3 Qa5 18. Bxf6 Bxf6 19. Rcd1 Na4 20. Qb1 Nxb2 21. Nb3 Qa4 22. Rd2 Nc4 23. Rd3 Rc7 24. Ng4 Bg7 25. Qc1 Qxa2 26. Nh6+ Bxh6 27. Qxh6 Qxe2 28. Rg3 Ne5 29. Nd4 Qxe4 30. Ne6 Bxe6 31. dxe6 f6 32. Rh3 g5 33. f4 Ng4 34. Qh5 Qd4+ 35. Kh1 Nf2+ 36. Rxf2 Rc1+ 37. Qd1 Rxd1+ 38. Rf1 Rxf1# 0-1

[Event "CAN-op"]
[Site "Ottawa CAN"]
[Date "2007.07.09"]
[Round "4"]
[White "Ferreira, Alex"]
[Black "Davidson, Brian"]
[Result "0-1"]
[WhiteElo "1892"]
[BlackElo "1838"]
[PlyCount "56"]
[GameId "2160767910576589"]
[EventDate "2007.07.07"]
[EventType "swiss"]
[EventRounds "10"]
[EventCountry "CAN"]
[SourceTitle "EXT 2022"]
[Source "ChessBase"]
[SourceDate "2021.10.06"]
[SourceVersion "1"]
[SourceVersionDate "2021.10.06"]
[SourceQuality "1"]

1. e4 c5 2. Nf3 d6 3. d4 cxd4 4. Nxd4 a6 5. Nc3 Nf6 6. Be2 e5 7. Nb3 Be6 8. Bg5 Be7 9. Qd2 Nc6 10. Bxf6 Bxf6 11. O-O-O Bg5 12. Qxg5 Qxg5+ 13. Kb1 Bxb3 14. axb3 O-O 15. g3 Nd4 16. Bc4 Rac8 17. f4 exf4 18. Rxd4 fxg3 19. hxg3 Qxg3 20. Bd3 h6 21. Rd5 Rc5 22. Rd4 b5 23. b4 Rg5 24. Be2 Rc8 25. Rd3 Qf2 26. Rf3 Rg1+ 27. Ka2 Qe1 28. Rh2 Rxc3 0-1

[Event "CAN-op"]
[Site "Ottawa CAN"]
[Date "2007.07.09"]
[Round "4"]
[White "Hayder, Aziz"]
[Black "Plotkin, Victor"]
[Result "0-1"]
[WhiteElo "2167"]
[BlackElo "2191"]
[PlyCount "30"]
[GameId "2160767910576592"]
[EventDate "2007.07.07"]
[EventType "swiss"]
[EventRounds "10"]
[EventCountry "CAN"]
[SourceTitle "CBM 119 Extra"]
[Source "ChessBase"]
[SourceDate "2007.09.04"]
[SourceVersion "1"]
[SourceVersionDate "2007.09.04"]
[SourceQuality "1"]

1. d4 d5 2. Nf3 Nf6 3. c4 dxc4 4. Nc3 e6 5. e3 c5 6. Bxc4 cxd4 7. Nxd4 Be7 8. O-O O-O 9. Qf3 Nbd7 10. Bxe6 fxe6 11. Nxe6 Ne5 12. Qf5 Qd6 13. Nb5 Qxe6 14. Qxe6+ Bxe6 15. Nc7 Bc4 0-1

[Event "CAN-op"]
[Site "Ottawa CAN"]
[Date "2007.07.09"]
[Round "4"]
[White "Keith-Jacques, Liam"]
[Black "Barclay, Wayne"]
[Result "0-1"]
[WhiteElo "1982"]
[BlackElo "2212"]
[PlyCount "168"]
[GameId "2160767910576595"]
[EventDate "2007.07.07"]
[EventType "swiss"]
[EventRounds "10"]
[EventCountry "CAN"]

1. e4 e6 2. d4 d5 3. Nc3 Bb4 4. e5 c5 5. a3 Bxc3+ 6. bxc3 Qc7 7. Qg4 f6 8. Nf3 c4 9. Bf4 Qf7 10. h4 Qg6 11. Qxg6+ hxg6 12. g4 g5 13. Bg3 gxh4 14. Rxh4 Rxh4 15. Nxh4 Nc6 16. f4 Nge7 17. Bh3 fxe5 18. fxe5 Bd7 19. Kd2 Kf7 20. Rf1+ Kg8 21. Ng2 Ng6 22. Nh4 Nce7 23. Nxg6 Nxg6 24. Bg2 Rc8 25. Rb1 Bc6 26. Bh3 Rc7 27. g5 Bd7 28. Bg4 Bc8 29. Ke3 Rc6 30. Rb5 Ne7 31. Ra5 a6 32. Ra4 b6 33. Rb4 Bd7 34. Be1 Be8 35. Kd2 Nc8 36. Bg3 Na7 37. a4 Bg6 38. Rb1 Nc8 39. Rb4 Kf7 40. Rb1 Ne7 41. Bf2 Nc8 42. Rb4 Ke7 43. Be3 Rc7 44. Rb1 Be8 45. Ra1 Kd7 46. Rh1 Bg6 47. Rb1 Rb7 48. Bf4 Ke7 49. Be3 Be8 50. Rh1 Bg6 51. Rb1 Na7 52. Ra1 Rb8 53. Bg1 Rh8 54. Rb1 Nc8 55. Rf1 Rh4 56. Be2 Be8 57. Ra1 Rh3 58. Bf1 Rh8 59. Bg2 Bg6 60. Rf1 Rh5 61. Be3 Rh2 62. Rf2 Be8 63. Bf3 Rxf2+ 64. Bxf2 Bxa4 65. g6 Be8 66. Bh4+ Kd7 67. Bf6 Bxg6 68. Bxg7 Bf5 69. Bh5 Ne7 70. Kc1 Nc6 71. Kb2 Ne7 72. Bh6 Bg6 73. Bxg6 Nxg6 74. Ka3 Ke8 75. Bg5 Ne7 76. Kb4 Nc8 77. Ka4 Na7 78. Ka3 Nc6 79. Ka4 Kf7 80. Bc1 Kg6 81. Ka3 Kf5 82. Bh6 Ke4 83. Kb2 b5 84. Bf8 a5 0-1

[Event "CAN-op"]
[Site "Ottawa CAN"]
[Date "2007.07.09"]
[Round "4"]
[White "Lahaye, Rick"]
[Black "Sundar, Avinaash"]
[Result "1-0"]
[WhiteElo "2367"]
[BlackElo "2081"]
[PlyCount "75"]
[GameId "2160767910576599"]
[EventDate "2007.07.07"]
[EventType "swiss"]
[EventRounds "10"]
[EventCountry "CAN"]

1. Nf3 c5 2. c4 Nc6 3. Nc3 Nf6 4. d4 cxd4 5. Nxd4 g6 6. e4 d6 7. Be2 Bg7 8. Be3 O-O 9. O-O a5 10. Ndb5 Nd7 11. f4 Nc5 12. e5 Re8 13. Nd5 Rb8 14. Bf3 Be6 15. Qd2 Bf5 16. Rfd1 Bd3 17. Qf2 Bxc4 18. Bxc5 Bxb5 19. Bb6 Qd7 20. Nc7 Nb4 21. Nxe8 Rxe8 22. Bxa5 Nd3 23. Qd4 Qc8 24. Qb6 Qc4 25. Rxd3 Qxd3 26. Rd1 Qc4 27. b3 Qc5+ 28. Qxc5 dxc5 29. Bxb7 f6 30. Rc1 Rb8 31. Bd5+ Kf8 32. Bc7 Re8 33. Rxc5 fxe5 34. Rxb5 exf4 35. Rb8 Bd4+ 36. Kf1 Rxb8 37. Bxb8 e5 38. a4 1-0

[Event "CAN-op"]
[Site "Ottawa CAN"]
[Date "2007.07.09"]
[Round "4"]
[White "Pacey, Kevin"]
[Black "Aird, Ian"]
[Result "1/2-1/2"]
[WhiteElo "2258"]
[BlackElo "2039"]
[PlyCount "118"]
[GameId "2160767910576604"]
[EventDate "2007.07.07"]
[EventType "swiss"]
[EventRounds "10"]
[EventCountry "CAN"]
[SourceTitle "CBM 119 Extra"]
[Source "ChessBase"]
[SourceDate "2007.09.04"]
[SourceVersion "1"]
[SourceVersionDate "2007.09.04"]
[SourceQuality "1"]

1. d4 Nf6 2. c4 e6 3. Nf3 b6 4. g3 Ba6 5. b3 Bb7 6. Bg2 Bb4+ 7. Bd2 c5 8. Bxb4 cxb4 9. O-O O-O 10. a3 Na6 11. Re1 Qe7 12. a4 d6 13. Nbd2 e5 14. e4 Nb8 15. d5 a5 16. Nf1 Nbd7 17. N3d2 Nc5 18. Qe2 Rae8 19. g4 h6 20. Ng3 g6 21. Rab1 Bc8 22. h3 Bd7 23. Ndf1 Kh7 24. Ne3 Ng8 25. Bf3 Qh4 26. Kh2 Ne7 27. Ng2 Qf6 28. Rg1 Qg7 29. Qc2 Kh8 30. Ne3 Qf6 31. Bd1 Qf4 32. Ng2 Qf6 33. Qe2 Rg8 34. Bc2 Rgf8 35. Rbf1 Ng8 36. Qd1 Re7 37. Ne3 Qf4 38. Kg2 Rfe8 39. Rh1 Qf6 40. Rfg1 Rf8 41. Kf1 Ree8 42. Rh2 Ne7 43. h4 Qg7 44. Ngf5 Nxf5 45. exf5 e4 46. Rg3 Qe5 47. fxg6 fxg6 48. Kg1 Rf7 49. Qd2 Kh7 50. Rhg2 Ref8 51. h5 g5 52. Nf1 Kg7 53. Re3 Rf4 54. Nh2 Qa1+ 55. Re1 Qb2 56. Qd1 R8f7 57. Re2 Qc3 58. Rg3 Qf6 59. Qe1 Bc8 1/2-1/2

[Event "CAN-op"]
[Site "Ottawa CAN"]
[Date "2007.07.10"]
[Round "5"]
[White "Barclay, Wayne"]
[Black "Lahaye, Rick"]
[Result "0-1"]
[WhiteElo "2212"]
[BlackElo "2367"]
[PlyCount "64"]
[GameId "2160767910576622"]
[EventDate "2007.07.07"]
[EventType "swiss"]
[EventRounds "10"]
[EventCountry "CAN"]
[SourceTitle "CBM 119 Extra"]
[Source "ChessBase"]
[SourceDate "2007.09.04"]
[SourceVersion "1"]
[SourceVersionDate "2007.09.04"]
[SourceQuality "1"]

1. d4 d5 2. c4 e6 3. Nc3 c5 4. cxd5 cxd4 5. Qa4+ Bd7 6. Qxd4 exd5 7. Qxd5 Nc6 8. Nf3 Nf6 9. Qd1 Bc5 10. e3 Qe7 11. Be2 O-O-O 12. Bd2 g5 13. Rc1 Kb8 14. Qc2 g4 15. Nh4 Nb4 16. Qb1 Bc6 17. Qf5 Rhe8 18. a3 Rxd2 19. axb4 Bxb4 20. Qf4+ Qd6 21. Qxd6+ Rxd6 22. O-O Rd2 23. Bc4 Rxb2 24. Nf5 Rc8 25. Nd1 Rd2 26. Bxf7 Bb5 27. Rb1 Bxf1 28. Kxf1 Ne4 29. Nd4 Rf8 30. Nc6+ Kc7 31. Rxb4 Rxd1+ 32. Ke2 Nc3# 0-1

[Event "CAN-op"]
[Site "Ottawa CAN"]
[Date "2007.07.10"]
[Round "5"]
[White "Mai, Lloyd"]
[Black "Han, Yiming"]
[Result "1/2-1/2"]
[WhiteElo "2230"]
[BlackElo "1904"]
[PlyCount "200"]
[GameId "2160767910576640"]
[EventDate "2007.07.07"]
[EventType "swiss"]
[EventRounds "10"]
[EventCountry "CAN"]

1. e4 e5 2. Nf3 Nc6 3. Bc4 Bc5 4. O-O Nf6 5. d4 Bxd4 6. Nxd4 Nxd4 7. f4 d6 8. f5 Qe7 9. c3 Nc6 10. Bg5 Bd7 11. b4 Qf8 12. Nd2 Ne7 13. Qf3 Neg8 14. a4 h6 15. Bh4 Nh7 16. b5 Ngf6 17. a5 c6 18. bxc6 Bxc6 19. Rab1 Ng5 20. Bxg5 hxg5 21. Bb5 Bxb5 22. Rxb5 Qe7 23. Rc1 Rb8 24. Qe3 b6 25. axb6 axb6 26. Rxb6 Rxb6 27. Qxb6 O-O 28. Ra1 d5 29. Ra7 Qd8 30. Qxd8 Rxd8 31. exd5 Nxd5 32. Ne4 g4 33. Kf2 Rc8 34. c4 Nf4 35. Nd6 Rd8 36. Nxf7 Rd2+ 37. Ke1 Rxg2 38. Nd6 e4 39. Ra8+ Kh7 40. Nf7 g6 41. f6 g5 42. Nxg5+ Kg6 43. f7 e3 44. Kd1 e2+ 45. Kd2 Nd3 46. Rg8+ Kh5 47. f8=Q e1=Q+ 48. Kxd3 Rd2+ 49. Kc3 Rd8+ 50. Kb3 Rxf8 51. Rxf8 Kxg5 52. Rd8 Qe3+ 53. Kc2 Qe2+ 54. Kc3 Qxh2 55. Kb4 Qb2+ 56. Ka5 Qb7 57. Rg8+ Kf4 58. c5 g3 59. Rg6 g2 60. c6 Qxc6 61. Rxc6 g1=Q 62. Kb5 Ke5 63. Rc5+ Kd6 64. Rc3 Qd4 65. Rc4 Qb2+ 66. Rb4 Qe2+ 67. Kb6 Qe3+ 68. Kb5 Qc5+ 69. Ka4 Kc6 70. Kb3 Qd5+ 71. Kc2 Kc5 72. Rb3 Kc4 73. Rc3+ Kb4 74. Re3 Qd4 75. Rd3 Qe4 76. Kd2 Qg2+ 77. Ke3 Kc4 78. Rd4+ Kc3 79. Rd3+ Kc2 80. Rd4 Qg3+ 81. Ke4 Kc3 82. Rd5 Qg4+ 83. Ke5 Kc4 84. Rd6 Qg5+ 85. Ke6 Kc5 86. Rd7 Qg6+ 87. Ke7 Kc6 88. Kf8 Qg5 89. Rg7 Qd8+ 90. Kf7 Kd7 91. Rg4 Qb6 92. Re4 Qd6 93. Kg7 Qd5 94. Rg4 Ke7 95. Kh6 Qf5 96. Rg7+ Ke6 97. Rg6+ Kf7 98. Rg7+ Kf8 99. Rg8+ Kf7 100. Rf8+ Kxf8 1/2-1/2

[Event "CAN-op"]
[Site "Ottawa CAN"]
[Date "2007.07.10"]
[Round "5"]
[White "Michielsen, Joost"]
[Black "Atalik, Suat"]
[Result "0-1"]
[WhiteElo "2314"]
[BlackElo "2564"]
[PlyCount "76"]
[GameId "2160767910576641"]
[EventDate "2007.07.07"]
[EventType "swiss"]
[EventRounds "10"]
[EventCountry "CAN"]
[SourceTitle "CBM 119 Extra"]
[Source "ChessBase"]
[SourceDate "2007.09.04"]
[SourceVersion "1"]
[SourceVersionDate "2007.09.04"]
[SourceQuality "1"]

1. e4 e5 2. Nf3 Nc6 3. Bb5 a6 4. Ba4 Nf6 5. O-O Be7 6. Re1 b5 7. Bb3 O-O 8. c3 d5 9. d4 dxe4 10. Nxe5 Nxe5 11. dxe5 Qxd1 12. Bxd1 Nd7 13. Rxe4 Nc5 14. Rd4 Re8 15. Bf3 Bb7 16. Bxb7 Nxb7 17. Bf4 g5 18. Bg3 f5 19. exf6 Bxf6 20. Rd1 Re2 21. a4 Rae8 22. Kf1 Rxb2 23. axb5 axb5 24. Bxc7 Nc5 25. Na3 Ree2 26. Nxb5 Rxf2+ 27. Kg1 Rxg2+ 28. Kh1 Ne6 29. Bd6 g4 30. Rab1 Ng5 31. c4 Nf3 32. Rxb2 Rxb2 33. h3 h5 34. hxg4 hxg4 35. Bg3 Bh4 36. Nd4 Bxg3 37. Nxf3 gxf3 38. Kg1 Rg2+ 0-1

[Event "CAN-op"]
[Site "Ottawa CAN"]
[Date "2007.07.10"]
[Round "5"]
[White "Oussedik, Elias"]
[Black "Saleh, Maher"]
[Result "1-0"]
[WhiteElo "2250"]
[BlackElo "1965"]
[PlyCount "67"]
[GameId "2160767910576644"]
[EventDate "2007.07.07"]
[EventType "swiss"]
[EventRounds "10"]
[EventCountry "CAN"]

1. e4 Nf6 2. e5 Nd5 3. d4 d6 4. c4 Nb6 5. exd6 cxd6 6. Nc3 g6 7. Be3 Bg7 8. Rc1 O-O 9. Nf3 Bg4 10. Be2 d5 11. c5 Nc4 12. Nxd5 Nxb2 13. Qb3 Nc6 14. Nc3 Bxf3 15. gxf3 Nxd4 16. Qxb2 Qa5 17. Kf1 Rfd8 18. Qxb7 Qxc5 19. Nb5 Qb4 20. Bxd4 Bxd4 21. Qe4 e5 22. Nxd4 exd4 23. h4 Qa3 24. Rd1 Qxa2 25. h5 Re8 26. Qd3 Rac8 27. hxg6 fxg6 28. Qa6 Qd5 29. Qxa7 d3 30. Qxh7+ Kf8 31. Qh6+ Kf7 32. Bxd3 Qe6 33. Qh7+ Kf8 34. Qh8+ 1-0

[Event "CAN-op"]
[Site "Ottawa CAN"]
[Date "2007.07.10"]
[Round "5"]
[White "Perez , Michael"]
[Black "Selnes, Hamish"]
[Result "1-0"]
[WhiteElo "1643"]
[BlackElo "1818"]
[PlyCount "69"]
[GameId "2160767910642182"]
[EventDate "2007.07.07"]
[EventType "swiss"]
[EventRounds "10"]
[EventCountry "CAN"]

1. e4 c5 2. Nf3 Nc6 3. d4 cxd4 4. Nxd4 Nf6 5. Nc3 e5 6. Ndb5 d6 7. Bg5 a6 8. Bxf6 gxf6 9. Na3 b5 10. Nd5 f5 11. Bd3 Be6 12. O-O Bxd5 13. exd5 Ne7 14. Nxb5 Bg7 15. Nc3 e4 16. Be2 Ng6 17. g3 Bxc3 18. bxc3 Qf6 19. Qd4 Ne5 20. Qa4+ Kf8 21. f4 exf3 22. Bxf3 Qg5 23. Rae1 Kg7 24. Bg2 Rhc8 25. Rf4 Rxc3 26. Ref1 Qd8 27. Rxf5 Rc4 28. Rxf7+ Kg6 29. Be4+ Kg5 30. h4+ Kh5 31. Rxh7+ Kg4 32. Bf5+ Kxg3 33. Qa3+ Rc3 34. Qxc3+ Nd3 35. Qxd3# 1-0

[Event "CAN-op"]
[Site "Ottawa CAN"]
[Date "2007.07.10"]
[Round "5"]
[White "Plotkin, Victor"]
[Black "Ivkov, Borislav"]
[Result "1/2-1/2"]
[WhiteElo "2191"]
[BlackElo "2414"]
[PlyCount "120"]
[GameId "2160767910642183"]
[EventDate "2007.07.07"]
[EventType "swiss"]
[EventRounds "10"]
[EventCountry "CAN"]
[SourceTitle "CBM 119 Extra"]
[Source "ChessBase"]
[SourceDate "2007.09.04"]
[SourceVersion "1"]
[SourceVersionDate "2007.09.04"]
[SourceQuality "1"]

1. e4 c5 2. c3 e6 3. d4 d5 4. exd5 exd5 5. Nf3 Nf6 6. Bg5 Be7 7. dxc5 Ne4 8. Bxe7 Qxe7 9. Be2 Qxc5 10. Qd4 O-O 11. Qxc5 Nxc5 12. O-O Re8 13. Bb5 Bd7 14. Na3 a6 15. Bxd7 Nbxd7 16. Nd4 Na4 17. Rab1 Ne5 18. Rfd1 Nc4 19. Nxc4 dxc4 20. Kf1 g6 21. Rd2 Re5 22. Ne2 Rae8 23. Rc1 Rb5 24. Rcc2 Kg7 25. Nd4 Rbe5 26. Ne2 R8e7 27. b3 cxb3 28. axb3 Nc5 29. b4 Ne4 30. Rd3 b6 31. f3 Nf6 32. c4 a5 33. bxa5 bxa5 34. Ra3 Rc7 35. Nd4 Nd7 36. Nb3 Re3 37. Kf2 Rd3 38. Rca2 a4 39. Nd2 Rxa3 40. Rxa3 Nb6 41. Ke2 h5 42. Ra2 Nxc4 43. Rxa4 Re7+ 44. Ne4 Nd6 45. Kf2 Nxe4+ 46. fxe4 Rb7 47. Ra3 g5 48. Kf3 Rb5 49. h3 Kf6 50. Ke3 Kg6 51. Kf3 f6 52. Rc3 Rb1 53. g3 Rb2 54. Rc6 Rb3+ 55. Kf2 Kf7 56. e5 fxe5 57. Rh6 e4 58. Rxh5 Rf3+ 59. Kg2 Kg6 60. Rh8 Ra3 1/2-1/2